000
00352nam a2200157Ia 4500
003
OSt
005
20240123111651.0
008
170524s9999 xx 000 0 und d
020
_a
978-0199467440
040
_c
IIMT UNIVERSITY
100
_a
Bajaj-R
100
_c
2007
245
0
_a
Retail Management
260
_a
Oxford University
942
_2
ddc
_c
01
999
_c
2342
_d
2342